[Event "USCL San Francisco vs Philadelphia"]
[Site "?"]
[Date "2005.10.19"]
[Round "8"]
[White "Costigan, Richard"]
[Black "Donaldson, John"]
[Result "0-1"]
[WhiteElo "2284"]
[BlackElo "2461"]
[PlyCount "134"]
[EventDate "2015.05.30"]
[SourceDate "2015.05.31"]

1. d4 Nf6 2. Nf3 d5 3. Bf4 c5 4. c3 Nc6 5. dxc5 e6 6. b4 a5 7. Qb3 axb4 8. cxb4
Ne4 9. Nc3 Qf6 10. Bd2 Nd4 11. Qb2 Nb5 12. Nd1 Na3 13. Rc1 Nc4 14. Qxf6 gxf6
15. e3 Nexd2 16. Nxd2 Nxd2 17. Kxd2 Rxa2+ 18. Rc2 Ra1 19. Nc3 Bd7 20. Ra2 Rxa2+
21. Nxa2 Bh6 22. Kc2 Ke7 23. Bd3 f5 24. Kb3 Bg7 25. Rc1 e5 26. Nc3 Be6 27. Na4
e4 28. Be2 d4+ 29. Bc4 Bxc4+ 30. Kxc4 d3 31. Nb6 Ke6 32. Kb5 Bb2 33. Rd1 Be5
34. Nc4 Ra8 35. Na5 Kd5 36. Kb6 Bc3 37. Kb5 Ra7 38. f3 f6 39. Rf1 h5 40. Rd1 h4
41. g3 hxg3 42. hxg3 Ra8 43. Rf1 exf3 44. Rxf3 Ke4 45. Rf4+ Kxe3 46. Nc4+ Ke2
47. Rxf5 d2 48. Nxd2 Kxd2 49. Rd5+ Ke3 50. Rd7 Rb8 51. Kc4 Be5 52. g4 Kf4 53.
Rg7 f5 54. Rf7 Kxg4 55. Kd5 Bc3 56. b5 f4 57. Ke4 Re8+ 58. Kd3 Re3+ 59. Kc4 f3
60. b6 Be5 61. Kd5 Bf4 62. Rg7+ Kf5 63. Rf7+ Kg5 64. Rg7+ Kf6 65. Rg1 Re5+ 66.
Kc4 Rxc5+ 67. Kb4 f2 0-1

[Event "USCL San Francisco vs Philadelphia"]
[Site "?"]
[Date "2005.09.19"]
[Round "8"]
[White "Pruess, David"]
[Black "Wilson, Elvin"]
[Result "1-0"]
[WhiteElo "2429"]
[BlackElo "2240"]
[PlyCount "61"]
[EventDate "2015.05.30"]
[SourceDate "2015.05.31"]

1. c4 c5 2. Nc3 Nf6 3. e3 e6 4. d4 d5 5. Nf3 cxd4 6. exd4 Bb4 7. cxd5 Nxd5 8.
Bd2 O-O 9. Bd3 Nc6 10. O-O Be7 11. Qe2 Ndb4 12. Be4 f5 13. Bb1 Nxd4 14. Nxd4
Qxd4 15. a3 Nc6 16. Ba2 Qe5 17. Qxe5 Nxe5 18. Nb5 Bd7 19. Nc7 Rad8 20. Bc3 Nc6
21. Bxe6+ Kh8 22. Rad1 Bc8 23. Bxc8 Rxc8 24. Ne6 Rg8 25. Rd7 b5 26. Rb7 a6 27.
Rd1 Rb8 28. Rc7 Rgc8 29. Rdd7 Bd8 30. Rxg7 Bxc7 31. Rxc7+ 1-0

[Event "USCL San Francisco vs Philadelphia"]
[Site "?"]
[Date "2005.10.19"]
[Round "8"]
[White "Baczynskyj, Boris"]
[Black "Yap, Nicolas"]
[Result "1-0"]
[WhiteElo "2221"]
[BlackElo "2248"]
[PlyCount "79"]
[EventDate "2015.05.30"]
[SourceDate "2015.05.31"]

1. e4 c5 2. Nf3 Nc6 3. d4 cxd4 4. Nxd4 Nf6 5. Nc3 e5 6. Ndb5 d6 7. Nd5 Nxd5 8.
exd5 Nb8 9. c4 Be7 10. Be2 O-O 11. O-O a6 12. Nc3 f5 13. Kh1 Nd7 14. f3 Bg5 15.
b4 a5 16. a3 axb4 17. Bxg5 Qxg5 18. axb4 Rxa1 19. Qxa1 Qe3 20. Qc1 Qb6 21. Nb5
Rf6 22. Qa3 g5 23. c5 dxc5 24. bxc5 Qxc5 25. Rc1 Qf8 26. Qc3 Nb6 27. Qxe5 Bd7
28. Rc7 Bxb5 29. Bxb5 Qd6 30. Qe8+ Qf8 31. Qe3 Kh8 32. Qd4 Qd6 33. Rxb7 Nxd5
34. Rd7 Qb4 35. Qa1 Nc3 36. Bf1 Kg8 37. Qa7 Qh4 38. Rg7+ Kh8 39. Rc7 Qb4 40.
Rxh7+ 1-0

[Event "USCL Baltimore vs Carolina"]
[Site "?"]
[Date "2005.10.19"]
[Round "8"]
[White "Enkhbat, Tegshsuren"]
[Black "Milman, Lev"]
[Result "1-0"]
[WhiteElo "2420"]
[BlackElo "2538"]
[PlyCount "116"]
[EventDate "2015.05.30"]
[SourceDate "2015.05.31"]

1. d4 d5 2. c4 c6 3. Nf3 Nf6 4. Qb3 dxc4 5. Qxc4 Bf5 6. g3 Nbd7 7. Bg2 Nb6 8.
Qb3 Qd5 9. Nbd2 e6 10. O-O Ne4 11. Qe3 Nxd2 12. Nxd2 Qb5 13. Qf3 Rd8 14. e4 Bg6
15. Nb3 a5 16. Rd1 a4 17. Nc5 Bxc5 18. dxc5 Nd7 19. Qc3 O-O 20. Be3 Qa6 21. f3
f6 22. Bf4 e5 23. Be3 Nb8 24. Bf1 Qa8 25. Bc4+ Kh8 26. Qc2 Qa5 27. Rxd8 Rxd8
28. Rd1 Re8 29. Qd2 Qa8 30. g4 Rf8 31. Qd8 Na6 32. Qxa8 Rxa8 33. Rd7 Rb8 34. a3
h6 35. Kf2 Bh7 36. h4 Bg8 37. Bxg8 Kxg8 38. h5 Kf8 39. Ke2 Kg8 40. Kd3 Kf8 41.
Kc4 Kg8 42. Bf2 Kf8 43. Be1 b5+ 44. cxb6 Rxb6 45. Ra7 c5 46. Ba5 Rc6 47. Kb5
Nb8 48. Ra8 Rc8 49. Bb6 Kf7 50. Ba7 Nc6 51. Rxc8 Nxa7+ 52. Kxc5 Nxc8 53. Kb5
Nd6+ 54. Kxa4 Nc4 55. Kb5 Nxb2 56. Kc6 g6 57. hxg6+ Kxg6 58. Kd7 Nc4 1-0

[Event "USCL Baltimore vs Carolina"]
[Site "?"]
[Date "2005.10.19"]
[Round "8"]
[White "Hoekstra, Matthew"]
[Black "Lopez, Bruci"]
[Result "1-0"]
[WhiteElo "2395"]
[BlackElo "2424"]
[PlyCount "60"]
[EventDate "2015.05.30"]
[SourceDate "2015.05.31"]

1. d4 Nf6 2. c4 g6 3. Nc3 Bg7 4. e4 d6 5. g3 O-O 6. Bg2 e5 7. Nge2 Nc6 8. d5
Nd4 9. O-O c5 10. dxc6 bxc6 11. Nxd4 exd4 12. Qxd4 Nd5 13. Qd3 Nxc3 14. bxc3
Qa5 15. Qxd6 Be6 16. Ba3 Rfd8 17. Bb4 Qa4 18. Qf4 a5 19. Be7 Rd7 20. Bf6 Bxf6
21. Qxf6 Rad8 22. e5 Qxc4 23. h4 h5 24. Rab1 Rd2 25. Rb7 Qxc3 26. Be4 Qc5 27.
Bxg6 Qf8 28. Bxf7+ Bxf7 29. e6 Qg7 30. exf7+ Kf8 1-0

[Event "USCL Baltimore vs Carolina"]
[Site "?"]
[Date "2005.10.19"]
[Round "8"]
[White "Rohonyan, Katerina"]
[Black "Jones, Craig"]
[Result "1-0"]
[WhiteElo "2175"]
[BlackElo "2273"]
[PlyCount "125"]
[EventDate "2015.05.30"]
[SourceDate "2015.05.31"]

1. e4 e6 2. d4 d5 3. Nc3 Nf6 4. Bg5 Bb4 5. e5 h6 6. Be3 Ne4 7. Qg4 Kf8 8. a3
Bxc3+ 9. bxc3 c5 10. Bd3 Nxc3 11. dxc5 Nc6 12. Nf3 f5 13. Qh5 Qe8 14. Qxe8+
Kxe8 15. h4 Rf8 16. h5 Bd7 17. Rh4 Rc8 18. Kf1 Rc7 19. g3 a6 20. Kg2 Nd8 21.
Nd2 Nc6 22. Nf3 Nd8 23. a4 Nf7 24. Rb4 Ke7 25. Ra3 Ne4 26. Bxe4 fxe4 27. Nh4
Nxe5 28. Bf4 Rxf4 29. gxf4 Nc6 30. Rb6 Be8 31. Rg3 Kf6 32. Ng6 Nd4 33. c4 Bxg6
34. Rxg6+ Kf5 35. cxd5 exd5 36. Rgd6 Kxf4 37. Rxd5 Nf3 38. Re6 Nh4+ 39. Kh3 Nf3
40. Kg2 Nh4+ 41. Kf1 Nf3 42. Ke2 Ng5 43. Re8 Kg4 44. a5 Rf7 45. Ree5 Rf4 46.
Re7 Nh3 47. Rxg7+ Kh4 48. Rxb7 Rxf2+ 49. Ke3 Ra2 50. Kxe4 Rxa5 51. Kf5 Ng5 52.
Rb4+ Kxh5 53. Rc4 Ra1 54. c6 Rf1+ 55. Ke5 Kg6 56. c7 Re1+ 57. Kd6 Nf7+ 58. Kd7
Re5 59. Rxe5 Nxe5+ 60. Ke6 Nxc4 61. c8=Q Ne3 62. Qg8+ Kh5 63. Qg3 1-0

[Event "USCL Baltimore vs Carolina"]
[Site "?"]
[Date "2005.10.19"]
[Round "8"]
[White "Timmel, John"]
[Black "Rouleau, John"]
[Result "1/2-1/2"]
[WhiteElo "2101"]
[BlackElo "2291"]
[PlyCount "64"]
[EventDate "2015.05.30"]
[SourceDate "2015.05.31"]

1. e4 e6 2. d3 d5 3. Nd2 Nf6 4. g3 dxe4 5. dxe4 Bc5 6. Qe2 e5 7. Nb3 Bb6 8. Be3
Nc6 9. c3 Bg4 10. f3 Bc8 11. Nh3 Qe7 12. Bg2 O-O 13. O-O h6 14. Nf2 Be6 15. f4
Bxe3 16. Qxe3 exf4 17. gxf4 Ng4 18. Nxg4 Bxg4 19. e5 Rfd8 20. Qg3 Bf5 21. Rae1
Rd3 22. Re3 Rad8 23. Rxd3 Rxd3 24. Rf3 Rd1+ 25. Rf1 Rxf1+ 26. Bxf1 Be6 27. Bd3
Bxb3 28. axb3 Qe6 29. Bc4 Qf5 30. Bd3 Qe6 31. Bc4 Qf5 32. Bd3 Qe6 1/2-1/2

[Event "USCL Boston vs Dallas"]
[Site "?"]
[Date "2005.10.19"]
[Round "8"]
[White "Perelshteyn, Eugene"]
[Black "Ramirez, Alejandro"]
[Result "1/2-1/2"]
[WhiteElo "2576"]
[BlackElo "2565"]
[PlyCount "52"]
[EventDate "2015.05.30"]
[SourceDate "2015.05.31"]

1. e4 e6 2. d4 d5 3. Nc3 Bb4 4. e5 c5 5. Bd2 Nh6 6. Nb5 Bxd2+ 7. Qxd2 O-O 8. f4
a6 9. Nd6 cxd4 10. Nf3 Nc6 11. Bd3 f6 12. O-O fxe5 13. fxe5 Rxf3 14. Rxf3 Nxe5
15. Rg3 Neg4 16. Nxc8 Rxc8 17. Qe2 Ne3 18. c3 Qb6 19. cxd4 Nef5 20. Bxf5 Nxf5
21. Rb3 Qxd4+ 22. Kh1 Qf6 23. Rxb7 Qh6 24. Kg1 Rc1+ 25. Rxc1 Qxc1+ 26. Qf1 Qe3+
1/2-1/2

[Event "USCL Boston vs Dallas"]
[Site "?"]
[Date "2005.10.19"]
[Round "8"]
[White "Vavrak, Peter"]
[Black "Friedel, Josh"]
[Result "1/2-1/2"]
[WhiteElo "2461"]
[BlackElo "2508"]
[PlyCount "129"]
[EventDate "2015.05.30"]
[SourceDate "2015.05.31"]

1. c4 e5 2. Nc3 Nf6 3. g3 Bb4 4. Bg2 O-O 5. Nf3 Re8 6. O-O e4 7. Ne1 Bxc3 8.
bxc3 Nc6 9. d4 h6 10. Nc2 b6 11. Ne3 d6 12. f3 Na5 13. fxe4 Nxe4 14. Qd3 Bb7
15. d5 Nc5 16. Qf5 Qe7 17. Qh5 Bc8 18. Rf4 Rf8 19. Bd2 Qe5 20. Qf3 f5 21. Rf1
g5 22. Rd4 Bd7 23. Qh5 Kh7 24. Bh3 f4 25. Bxd7 fxe3 26. Rf7+ Rxf7 27. Qxf7+ Kh8
28. Bf5 Qg7 29. Qxg7+ Kxg7 30. Bxe3 Re8 31. Kf2 Na4 32. h4 Kf6 33. Bd7 Rxe3 34.
Kxe3 Nxc3 35. Kd2 Nxa2 36. Re4 Nb3+ 37. Kc2 Nc5 38. Re3 Nxd7 39. Kb3 Nc1+ 40.
Kb2 Ne5 41. Kxc1 gxh4 42. gxh4 Kf5 43. Kc2 Kg4 44. Re4+ Kf5 45. Rd4 h5 46. e3
Ng6 47. Kc3 a6 48. Kb4 Ke5 49. Kb3 Ne7 50. Rf4 Nf5 51. Kc3 Nxe3 52. Rf7 b5 53.
Rh7 bxc4 54. Rxh5+ Ke4 55. Rg5 Nxd5+ 56. Kxc4 Nf6 57. Ra5 Kf4 58. h5 d5+ 59.
Kd4 Nxh5 60. Kxd5 Nf6+ 61. Kc6 Ke4 62. Rxa6 Kd4 63. Kxc7 Ne4 64. Ra4+ Ke5 65.
Kc6 1/2-1/2

[Event "USCL Boston vs Dallas"]
[Site "?"]
[Date "2005.10.19"]
[Round "8"]
[White "Winer, Steven"]
[Black "Fernandez, Daniel"]
[Result "1-0"]
[WhiteElo "2410"]
[BlackElo "2435"]
[PlyCount "155"]
[EventDate "2015.05.30"]
[SourceDate "2015.05.31"]

1. d4 Nf6 2. c4 g6 3. Nf3 Bg7 4. g3 O-O 5. Bg2 d6 6. O-O Nc6 7. Nc3 a6 8. b3
Rb8 9. Nd5 e6 10. Nxf6+ Bxf6 11. Bh6 Re8 12. e4 b5 13. Rc1 Bd7 14. cxb5 Rxb5
15. Be3 Ne7 16. Qc2 Bc6 17. Rfd1 Qa8 18. Ne1 Rc8 19. f3 a5 20. Nd3 Rbb8 21. Qd2
Bb5 22. Nf2 Bg7 23. Bh3 Bd7 24. d5 a4 25. Bg5 axb3 26. axb3 f6 27. dxe6 Be8 28.
Be3 Rxb3 29. Bd4 h5 30. Rc3 Rb5 31. Bf1 Ra5 32. Rc2 Ra3 33. Bb2 Ra5 34. Rdc1
Bc6 35. Bc3 Ra3 36. g4 Ba4 37. Ra2 Bb3 38. Rxa3 Qxa3 39. Ra1 Qc5 40. Qb2 Bxe6
41. Bxf6 Bf8 42. Bd4 Qg5 43. Nh3 Qh6 44. g5 Qh7 45. Nf4 Bf7 46. Bh3 Re8 47. Bf6
Bg7 48. Ra7 Bxf6 49. Qxf6 Nc6 50. Rxc7 Ne5 51. Nd5 Qg7 52. f4 Nf3+ 53. Kf2 Nd2
54. Ne7+ Kf8 55. Ke3 Nc4+ 56. Kd4 Nd2 57. Kd3 Qxf6 58. gxf6 Nf3 59. Bd7 Ra8 60.
h3 Ne1+ 61. Ke2 Ng2 62. Kf3 Ne1+ 63. Kf2 Nd3+ 64. Ke3 Nc5 65. Bc6 Ra3+ 66. Kd2
Ra2+ 67. Kc3 Ra3+ 68. Kb2 Rb3+ 69. Kc2 Rb8 70. f5 gxf5 71. exf5 Na6 72. Ra7
Nb4+ 73. Kd2 Nxc6 74. Nxc6 Rb6 75. Nd8 Bd5 76. Ne6+ Bxe6 77. fxe6 Rb8 78. Rg7
1-0

[Event "USCL Boston vs Dallas"]
[Site "?"]
[Date "2005.10.19"]
[Round "8"]
[White "Suarez, Andres"]
[Black "Krasik, Ilya"]
[Result "1-0"]
[WhiteElo "2106"]
[BlackElo "2153"]
[PlyCount "58"]
[EventDate "2015.05.30"]
[SourceDate "2015.05.31"]

1. d4 Nf6 2. c4 d6 3. Nc3 e5 4. d5 g6 5. e4 Bg7 6. f3 Nh5 7. Be3 O-O 8. Qd2 f5
9. exf5 gxf5 10. Bg5 Qe8 11. O-O-O Qg6 12. Bd3 e4 13. fxe4 f4 14. Nf3 Na6 15.
Be7 Re8 16. e5 Qf7 17. exd6 cxd6 18. Bxh7+ Kh8 19. Bh4 Bg4 20. Ng5 Qc7 21. Bg6
Qxc4 22. Nf7+ Kg8 23. Nxd6 Qb4 24. Nxe8 Bxd1 25. Nxg7 Kxg7 26. Qxd1 Kxg6 27.
Qg4+ Kh7 28. Qxh5+ Kg8 29. Qg6+ Kf8 1-0

[Event "USCL New York vs Baltimore"]
[Site "?"]
[Date "2005.10.26"]
[Round "9"]
[White "Shahade, Jennifer"]
[Black "Rohonyan, Katerina"]
[Result "0-1"]
[WhiteElo "2318"]
[BlackElo "2175"]
[PlyCount "46"]
[EventDate "2015.05.30"]
[SourceDate "2015.05.31"]

1. e4 c5 2. Nf3 Nc6 3. d4 cxd4 4. Nxd4 g6 5. Nc3 Bg7 6. Be3 Nf6 7. Bc4 O-O 8.
Bb3 d6 9. f3 Bd7 10. Qd2 Nxd4 11. Bxd4 b5 12. h4 a5 13. Nd5 a4 14. Nxf6+ Bxf6
15. Bd5 Bxd4 16. Qxd4 Rc8 17. h5 e6 18. hxg6 fxg6 19. Bb7 Rxc2 20. Rd1 Qg5 21.
Rd2 Rxd2 22. Qxd2 Qxd2+ 23. Kxd2 Rb8 0-1

[Event "USCL New York vs Baltimore"]
[Site "?"]
[Date "2005.10.26"]
[Round "9"]
[White "Rouleau, John"]
[Black "Eisen, Lewis"]
[Result "1-0"]
[WhiteElo "2291"]
[BlackElo "2327"]
[PlyCount "55"]
[EventDate "2015.05.30"]
[SourceDate "2015.05.31"]

1. e4 e5 2. Nf3 Nc6 3. Bb5 Nf6 4. O-O Bc5 5. c3 O-O 6. d4 Bb6 7. Bg5 h6 8. Bh4
Re8 9. Qd3 g5 10. Bg3 exd4 11. e5 Nh5 12. Bc4 Kg7 13. cxd4 d5 14. exd6 cxd6 15.
Bxf7 Kxf7 16. Qh7+ Ng7 17. Qxh6 Bf5 18. Nxg5+ Kg8 19. Nc3 d5 20. Bh4 Qd7 21. g4
Bd3 22. Rad1 Qxg4+ 23. Kh1 Qxd4 24. Rg1 Re4 25. Qh7+ Kf8 26. Qh8+ Ke7 27.
Ngxe4+ Ke6 28. Qh6+ 1-0

[Event "USCL Boston vs Philadelphia"]
[Site "?"]
[Date "2005.10.26"]
[Round "9"]
[White "Costigan, Richard"]
[Black "Friedel, Josh"]
[Result "1-0"]
[WhiteElo "2284"]
[BlackElo "2508"]
[PlyCount "175"]
[EventDate "2015.05.30"]
[SourceDate "2015.05.31"]

1. d4 d5 2. Bf4 Nf6 3. e3 c5 4. c3 Nc6 5. Nd2 e6 6. Bd3 Bd6 7. Bxd6 Qxd6 8. f4
cxd4 9. cxd4 Bd7 10. a3 Ne7 11. Ngf3 Qb6 12. Qe2 Qxb2 13. O-O Bc6 14. Ne5 O-O
15. Rab1 Qxa3 16. Ndc4 dxc4 17. Nxc4 Qa6 18. Ra1 Ba4 19. Nb2 Qd6 20. Rxa4 Ned5
21. Ra5 Nc3 22. Qc2 Rfc8 23. Nc4 Qb4 24. Rfa1 Rxc4 25. Bxc4 Qxc4 26. Rc5 Ne2+
27. Kf2 Ng4+ 28. Ke1 Qxc2 29. Rxc2 Nxe3 30. Rxe2 Nd5 31. f5 Nf4 32. Rc2 a6 33.
g3 Nd5 34. Rac1 Kf8 35. Rc8+ Rxc8 36. Rxc8+ Ke7 37. Ra8 Ne3 38. fxe6 Nc2+ 39.
Kd1 Nxd4 40. exf7 Kxf7 41. Ra7 Kg6 42. Rxb7 h5 43. Rb6+ Kf5 44. Rxa6 Nf3 45. h3
h4 46. Ra5+ Kg6 47. Ra6+ Kg5 48. Ra5+ Kf6 49. Ra3 Nd4 50. g4 Ne6 51. Ke2 Nf4+
52. Kf2 g5 53. Rf3 Ke5 54. Ke3 Ng2+ 55. Kf2 Nf4 56. Ra3 Ke4 57. Re3+ Kd4 58.
Rb3 Ke4 59. Ra3 Ke5 60. Ra5+ Ke4 61. Kg1 Ne6 62. Rf5 Nf4 63. Kh2 Ne6 64. Ra5
Kf4 65. Ra4+ Ke5 66. Kg2 Nf4+ 67. Kf3 Nxh3 68. Ra5+ Kf6 69. Ra6+ Kg7 70. Ke4
Nf2+ 71. Kf5 Nh3 72. Ra1 Kh6 73. Ra8 Kg7 74. Ra7+ Kh6 75. Ra1 Nf2 76. Ra6+ Kg7
77. Rg6+ Kf7 78. Rxg5 h3 79. Rh5 Kg7 80. Kf4 Kg6 81. Kg3 Nd3 82. Rxh3 Ne5 83.
Rh5 Nf7 84. Ra5 Nd8 85. Kh4 Kh6 86. Ra7 Kg6 87. Rd7 Nf7 88. Rxf7 1-0

[Event "USCL Boston vs Philadelphia"]
[Site "?"]
[Date "2005.10.26"]
[Round "9"]
[White "Riordan, Charles"]
[Black "Wilson, Elvin"]
[Result "1-0"]
[WhiteElo "2283"]
[BlackElo "2240"]
[PlyCount "115"]
[EventDate "2015.05.30"]
[SourceDate "2015.05.31"]

1. d4 d5 2. c4 c6 3. Nf3 Nf6 4. Nc3 dxc4 5. a4 Bf5 6. Ne5 Nbd7 7. Nxc4 Nb6 8.
Ne5 a5 9. g3 e6 10. Bg2 Bb4 11. O-O O-O 12. e3 h6 13. Qe2 Bh7 14. Rd1 Nfd7 15.
Nxd7 Nxd7 16. e4 Qe7 17. Be3 Rfd8 18. Rac1 Nf6 19. f3 Kh8 20. Na2 Nd7 21. Nxb4
Qxb4 22. Rc4 Qe7 23. b3 f5 24. Bc1 Qf7 25. Bb2 Nf6 26. Re1 Qg8 27. Bc3 Rd7 28.
Rc5 Qd8 29. Qb2 Bg6 30. Re5 Rd6 31. exf5 exf5 32. f4 Qb6 33. Kh1 Nd5 34. Bxd5
Rxd5 35. Rxd5 cxd5 36. Re7 Bh5 37. Kg2 Bd1 38. b4 Qf6 39. Re1 Bxa4 40. bxa5 Rc8
41. Re3 Qa6 42. Qb4 Bb3 43. Qxb3 Qc6 44. Qb4 Qa6 45. Qb6 Qc4 46. Qe6 Rf8 47.
Qe7 Rc8 48. Qxb7 Qa2+ 49. Kf3 Rg8 50. Qb2 Qc4 51. Qe2 Qa4 52. a6 Ra8 53. Re6
Rc8 54. Be1 Rc2 55. Qd3 Ra2 56. Bc3 Qd7 57. Qxf5 Ra3 58. Rxh6+ 1-0

[Event "USCL Boston vs Philadelphia"]
[Site "?"]
[Date "2005.10.26"]
[Round "9"]
[White "Baczynskyj, Boris"]
[Black "Krasik, Ilya"]
[Result "0-1"]
[WhiteElo "2221"]
[BlackElo "2153"]
[PlyCount "84"]
[EventDate "2015.05.30"]
[SourceDate "2015.05.31"]

1. e4 c5 2. Nf3 g6 3. Nc3 Bg7 4. d4 cxd4 5. Nxd4 Nc6 6. Nb3 Nf6 7. Be2 O-O 8.
O-O d6 9. Bg5 a5 10. a4 Be6 11. Kh1 Qc8 12. f4 Bg4 13. Bxf6 Bxe2 14. Qxe2 Bxf6
15. Nd5 Bxb2 16. Rab1 Bg7 17. Nb6 Qc7 18. Nxa8 Rxa8 19. Qc4 Qd7 20. c3 Rc8 21.
Qd3 Rc7 22. Rfc1 Qg4 23. g3 e5 24. Rf1 Qh3 25. f5 gxf5 26. Qxd6 Rc8 27. Qd7 Rd8
28. Qxb7 f4 29. gxf4 Rd6 30. Qa8+ Nd8 31. Rf2 Qd3 32. Rg1 Kf8 33. fxe5 Bxe5 34.
Nc5 Qe3 35. Rgf1 Qxc5 36. Rxf7+ Ke8 37. Rxh7 Qc4 38. Rg1 Rc6 39. Rh4 Qf7 40.
Rh3 Rh6 41. Qc8 Qf3+ 42. Rg2 Rxh3 0-1

[Event "USCL Dallas vs San Francisco"]
[Site "?"]
[Date "2005.10.26"]
[Round "9"]
[White "Zilberstein, Dmitry"]
[Black "Vavrak, Peter"]
[Result "0-1"]
[WhiteElo "2425"]
[BlackElo "2461"]
[PlyCount "108"]
[EventDate "2015.05.30"]
[SourceDate "2015.05.31"]

1. d4 e6 2. c4 Nf6 3. Nf3 b6 4. Nc3 Bb7 5. Bg5 Bb4 6. e3 O-O 7. Bd3 h6 8. Bh4
d5 9. cxd5 exd5 10. Ne5 Be7 11. O-O Nbd7 12. f4 c5 13. Bf5 Nxe5 14. dxe5 Ne8
15. Bxe7 Qxe7 16. Nxd5 Bxd5 17. Qxd5 Rd8 18. Qe4 g6 19. Bh3 Rd2 20. Rad1 Rxb2
21. e6 f5 22. Qe5 Rxa2 23. Rd7 Qf6 24. e7 Rf7 25. Rd8 Qc6 26. Rfd1 Kh7 27. e4
Re2 28. Rxe8 Qxe8 29. Rd8 Rxe7 30. Rxe8 Rxe5 31. fxe5 Rxe4 32. g3 Kg7 33. Bg2
Kf7 34. Ra8 Rxe5 35. Rxa7+ Kf6 36. Rb7 Re6 37. Kf2 g5 38. Bf1 Ke5 39. Ke3 f4+
40. gxf4+ gxf4+ 41. Kf3 Rf6 42. Rd7 Ke6 43. Rb7 Kd5 44. Rc7 Kd4 45. Bb5 Kc3 46.
h4 Kb4 47. Rc6 Rxc6 48. Bxc6 c4 49. Kxf4 c3 50. Be4 b5 51. h5 Ka3 52. Ke5 b4
53. Kd4 Kb2 54. Kc4 b3 0-1

[Event "USCL Dallas vs San Francisco"]
[Site "?"]
[Date "2005.10.26"]
[Round "9"]
[White "Fernandez, Daniel"]
[Black "Pruess, David"]
[Result "0-1"]
[WhiteElo "2435"]
[BlackElo "2429"]
[PlyCount "86"]
[EventDate "2015.05.30"]
[SourceDate "2015.05.31"]

1. e4 c6 2. d3 d5 3. Nd2 e5 4. g3 Nf6 5. Bg2 Bc5 6. Ngf3 O-O 7. O-O Re8 8. Qe2
Bg4 9. h3 Bh5 10. Re1 Nbd7 11. Nf1 Qc7 12. g4 Bg6 13. Ng3 Nf8 14. Nh4 Ne6 15.
g5 Nd7 16. exd5 cxd5 17. Bxd5 Nd4 18. Qd1 e4 19. Be3 exd3 20. cxd3 Ne5 21. Nxg6
hxg6 22. Rc1 Qd6 23. Be4 Rad8 24. Kg2 b6 25. f4 Nec6 26. Bxd4 Nxd4 27. Qg4 Ne6
28. Rf1 Be3 29. Rc6 Nxf4+ 30. Kh1 Qd4 31. Rc4 Qxb2 32. Qf3 Qd2 33. Rc7 b5 34.
Rb7 Rc8 35. Bd5 Rc2 36. Bxf7+ Kf8 37. Ne2 Qxe2 38. Qxe2 Rxe2 39. Bxg6 Rc8 40.
Bh5 Rd2 41. Rd7 Rcc2 42. Rd8+ Ke7 43. Re8+ Kd7 0-1

[Event "USCL Dallas vs San Francisco"]
[Site "?"]
[Date "2005.10.26"]
[Round "9"]
[White "Lee, Andy"]
[Black "Suarez, Andres"]
[Result "1-0"]
[WhiteElo "2270"]
[BlackElo "2087"]
[PlyCount "101"]
[EventDate "2015.05.30"]
[SourceDate "2015.05.31"]

1. d4 d5 2. c4 c6 3. Nf3 Nf6 4. e3 e6 5. Nc3 Bd6 6. Qc2 Nbd7 7. g4 Nxg4 8. Rg1
Nxh2 9. Nxh2 Bxh2 10. Rxg7 Nf8 11. Rg2 Bc7 12. Bd2 Ng6 13. O-O-O Nh4 14. Rg1
Qf6 15. cxd5 exd5 16. Nxd5 cxd5 17. Qxc7 Qc6+ 18. Qxc6+ bxc6 19. Rh1 Ng6 20.
Bd3 Ke7 21. Rdg1 Be6 22. f4 f5 23. Rh5 Kf6 24. Rgh1 Raf8 25. Rxh7 Rxh7 26. Rxh7
Rf7 27. Rxf7+ Kxf7 28. Ba6 Ne7 29. Bb4 Nc8 30. Bc5 Kg6 31. a4 Kh5 32. Kd2 Kg4
33. a5 Kf3 34. Be2+ Kf2 35. Bh5 Bd7 36. Bf7 Kf3 37. b4 Kg4 38. b5 cxb5 39. Bxd5
Kg3 40. Bb7 Kf2 41. d5 Kf3 42. Kd3 Kg4 43. Kd4 Kf3 44. Ke5 b4 45. d6+ Ke2 46.
Bxb4 Kxe3 47. Bc5+ Kd3 48. Bd5 a6 49. Be6 Bxe6 50. Kxe6 Nxd6 51. Bxd6 1-0

[Event "USCL Miami vs San Francisco"]
[Site "?"]
[Date "2005.11.02"]
[Round "10"]
[White "Becerra, Julio"]
[Black "McCambridge, Vince"]
[Result "0-1"]
[WhiteElo "2613"]
[BlackElo "2502"]
[PlyCount "104"]
[EventDate "2015.05.30"]
[SourceDate "2015.05.31"]

1. e4 e6 2. d4 d5 3. Nc3 Nf6 4. Bg5 dxe4 5. Nxe4 Nbd7 6. Nf3 h6 7. Nxf6+ Nxf6
8. Be3 Bd6 9. Bd3 Bd7 10. O-O Qe7 11. Ne5 Bxe5 12. dxe5 Nd5 13. Bd2 Bc6 14. Qg4
O-O-O 15. b4 h5 16. Qd4 Nb6 17. Qe3 Kb8 18. Rfc1 Qd7 19. Qe2 Qd5 20. f3 Bb5 21.
Bxb5 Qxd2 22. a3 Qd4+ 23. Kh1 Rd5 24. Re1 a6 25. Bd3 Qc3 26. Rab1 Qxa3 27. Be4
Rd4 28. Ra1 Qc3 29. h3 h4 30. Ra5 Qxb4 31. Rea1 Qd2 32. Qf1 Rhd8 33. Bxb7 Qxa5
34. Rxa5 Rd1 35. Bxa6 Rxf1+ 36. Bxf1 Rd1 37. Kg1 Kb7 38. Rb5 Kc6 39. Rb3 g5 40.
Rc3+ Kd7 41. Kf2 Rd5 42. f4 gxf4 43. Kf3 Rxe5 44. Kg4 Nd5 45. Bb5+ Ke7 46. Rb3
Kf6 47. Bc6 Rg5+ 48. Kxh4 Ne3 49. Be4 Nxg2+ 50. Bxg2 Rxg2 51. Rc3 e5 52. Rxc7
f3 0-1

[Event "USCL Miami vs San Francisco"]
[Site "?"]
[Date "2005.11.02"]
[Round "10"]
[White "Zilberstein, Dmitry"]
[Black "Martinez, Marcel"]
[Result "1/2-1/2"]
[WhiteElo "2425"]
[BlackElo "2451"]
[PlyCount "69"]
[EventDate "2015.05.30"]
[SourceDate "2015.05.31"]

1. d4 Nf6 2. c4 c5 3. d5 b5 4. cxb5 a6 5. b6 e6 6. Nc3 Nxd5 7. Nxd5 exd5 8.
Qxd5 Nc6 9. Nf3 Rb8 10. e4 Be7 11. Bc4 O-O 12. O-O Rxb6 13. Qh5 d6 14. b3 Be6
15. Bxe6 fxe6 16. Qg4 Qc8 17. Bb2 Bf6 18. Bxf6 Rxf6 19. Nd2 Qf8 20. Nc4 Rb4 21.
f4 d5 22. exd5 exd5 23. Ne3 Rd4 24. Rad1 Nb4 25. Qh5 Rfxf4 26. Rxf4 Rxd1+ 27.
Qxd1 Qxf4 28. Nxd5 Qd6 29. Qe2 Nxd5 30. Qe8+ Qf8 31. Qe6+ Qf7 32. Qc8+ Qf8 33.
Qe6+ Qf7 34. Qc8+ Qf8 35. Qe6+ 1/2-1/2

[Event "USCL Miami vs San Francisco"]
[Site "?"]
[Date "2005.11.02"]
[Round "10"]
[White "Lugo, Blas"]
[Black "Pruess, David"]
[Result "1/2-1/2"]
[WhiteElo "2409"]
[BlackElo "2429"]
[PlyCount "196"]
[EventDate "2015.05.30"]
[SourceDate "2015.05.31"]

1. e4 e6 2. Nc3 d5 3. Nf3 Nf6 4. e5 Nfd7 5. d4 c5 6. dxc5 Nc6 7. Bf4 Be7 8. Bb5
Nxc5 9. Nd4 Bd7 10. Bxc6 bxc6 11. Qg4 g6 12. O-O Rb8 13. Bh6 f5 14. exf6 Bxf6
15. Rfe1 Rxb2 16. Nxe6 Nxe6 17. Rxe6+ Bxe6 18. Qxe6+ Qe7 19. Qxc6+ Kf7 20. Nxd5
Rhb8 21. Rf1 Qe6 22. Qc7+ Kg8 23. Nxf6+ Qxf6 24. Be3 R2b7 25. Qc4+ Qf7 26. Qd4
Rc8 27. h3 Rd7 28. Qa4 Rdc7 29. Rd1 Qe6 30. Rd4 a6 31. Qa5 Rxc2 32. Qg5 R2c7
33. Rd8+ Kf7 34. Qh6 Rxd8 35. Qxh7+ Ke8 36. Qxc7 Rd1+ 37. Kh2 Qd6+ 38. Qxd6
Rxd6 39. a4 a5 40. g4 Kf7 41. Kg2 Ke6 42. h4 Rc6 43. Bd2 Rc4 44. Bxa5 Rxg4+ 45.
Kh3 Rxa4 46. Bd2 Kf5 47. f3 Ke5 48. Bg5 Ra1 49. Kg3 Rb1 50. Be3 Rb4 51. Bd2 Ra4
52. Bc3+ Kd5 53. Bf6 Rc4 54. Bg7 Kc5 55. Bh6 Kd5 56. Bg7 Ra4 57. Bf6 Ra6 58.
Bg7 Ra8 59. Kg4 Ke6 60. Bh6 Kf6 61. Bg5+ Ke6 62. Bf4 Ra1 63. Kg3 Rg1+ 64. Kh2
Rb1 65. Kg3 Kd5 66. Be3 Kc4 67. Bh6 Kd3 68. Kf4 Rb5 69. Bg5 Ke2 70. Kg4 Rb4+
71. Kg3 Rb1 72. Kg4 Rg1+ 73. Kf4 Rf1 74. Bf6 Rg1 75. Bg5 Rb1 76. Kg4 Rb4+ 77.
Kg3 Kf1 78. Be7 Rb2 79. Bg5 Rg2+ 80. Kf4 Re2 81. Bf6 Rg2 82. Bg5 Ra2 83. Bd8
Rd2 84. Bg5 Ra2 85. Bd8 Ra8 86. Bg5 Kg2 87. Be7 Ra7 88. Bd8 Rd7 89. Bf6 Rd5 90.
Kg4 Rf5 91. Be7 Rxf3 92. Kg5 Rg3+ 93. Kh6 Kh3 94. Bg5 Kg4 95. Kxg6 Rb3 96. h5
Rb6+ 97. Bf6 Rxf6+ 98. Kxf6 Kxh5 1/2-1/2

[Event "USCL Miami vs San Francisco"]
[Site "?"]
[Date "2005.11.02"]
[Round "10"]
[White "Pinto, Mark"]
[Black "Cabrera, Jose"]
[Result "1-0"]
[WhiteElo "2214"]
[BlackElo "2094"]
[PlyCount "61"]
[EventDate "2015.05.30"]
[SourceDate "2015.05.31"]

1. e4 c5 2. Nf3 d6 3. d4 cxd4 4. Nxd4 Nf6 5. Nc3 a6 6. Be3 e6 7. f3 Be7 8. Qd2
Qc7 9. g4 O-O 10. g5 Nfd7 11. O-O-O b5 12. h4 Nc5 13. Kb1 Nc6 14. Nxc6 Qxc6 15.
h5 Rd8 16. g6 Bf6 17. Bd4 e5 18. Bxc5 Qxc5 19. Nd5 Be6 20. Nxf6+ gxf6 21. Qh6
fxg6 22. hxg6 Qa7 23. gxh7+ Kf7 24. Bh3 Bxh3 25. Qxh3 Qe7 26. Rdg1 Rh8 27. Qh5+
Ke6 28. Qf5+ Kf7 29. Rg2 Raf8 30. Rhg1 Ke8 31. Rg7 1-0